Macklemore + Ryan Lewis Charting Songs (Billboard Hot 100) - Statistics

General Stats
  • This quiz has been taken 58 times
  • The average score is 5 of 8
Answer Stats
Album Weeks On Peak Artist(s) Song % Correct
The Heist 49 Weeks #1 (6 Weeks) Macklemore & Ryan Lewis ft. Wanz Thrift Shop
98%
The Heist 39 Weeks #1 (5 Weeks) Macklemore & Ryan Lewis ft. Ray Dalton Can't Hold Us
88%
The Heist 30 Weeks #11 Macklemore & Ryan Lewis ft. Mary Lambert Same Love
72%
Gemini 19 Weeks #49 Macklemore ft. Skylar Grey Glorious
60%
Gemini 20 Weeks #48 Macklemore ft. Ke$ha Good Old Days
60%
This Unruly Mess I've Made 20 Weeks #12 Macklemore & Ryan Lewis ft. Eric Nally, Melle Mel, Kool Moe Dee and Grandmaster Caz Downtown
56%
The Heist 22 Weeks #15 Macklemore & Ryan Lewis ft. ScHoolboy Q & Hollis White Walls
47%
Non-Album Single 1 Week #100 Martin Garrix ft. Macklemore & Patrick Stump Summer Days
40%
No matching quizzes found
Score Distribution
Percent of People with Each Score
Percentile by Number Answered
Your Score History
You have not taken this quiz